000 00734nam a22002177a 4500
999 _c7756
_d7756
003 AR-CdUCM
008 190321b ||||| |||| 00| 0 spa d
040 _aMUNICIPALIDAD PROVINCIAL DEL CUSCO
_cBIBLIOTECA MUNICIPAL DEL CUSCO
082 _a128 /
_bS28
100 _aSciacca, Michele Federico
_919322
245 _aMuerte e inmortalidad /
260 _aBarcelona :
_bMiracle,
_c1962.
300 _a395 páginas ;
_c22 cm.
505 _aContenido : Introducción -- Primera Parte : La muerte -- Segunda parte : La inmortalidad -- Tercera parte : El suicidio ...
650 _aMuerte
_92924
650 _aImortalidad
_921913
650 _aEnsayo
_9274
700 _aMalagrida, Adriana
_921914
942 _2ddc
_cLIBROS
945 _arah